The economic geography of Barbados; a study of the relationships between environmental variations and economic development,

Kaydedildi:
Detaylı Bibliyografya
Yazar: Starkey, Otis Paul, 1906-
Materyal Türü: Kitap
Dil:English
Baskı/Yayın Bilgisi: Westport, Conn., Negro Universities Press [1971, c1939]
Konular:
LEADER 01105nam a2200265 4500
001 c000136659
003 CARM
005 00000000000000.0
008 720216c19711939ctua bs 00110 eng
019 1 |a 218674  |5 LACONCORD2021 
020 |a 0837151996 
035 |a (OCoLC)258271  |5 LACONCORD2021 
043 |a nwbb--- 
050 0 0 |a HC157.B35  |b S7 1971 
100 1 |a Starkey, Otis Paul,  |d 1906- 
245 1 4 |a The economic geography of Barbados;  |b a study of the relationships between environmental variations and economic development,  |c by Otis P. Starkey. 
260 |a Westport, Conn.,  |b Negro Universities Press  |c [1971, c1939] 
300 |a xii, 228 p.  |b illus.  |c 23 cm. 
500 |a Originally presented as the author's thesis, Columbia University, 1939. 
504 |a Bibliography: p. [213]-219. 
651 0 |a Barbados  |x Economic conditions. 
852 8 |b CARM  |h A2:AF22C0  |i B01627  |p 0069775  |f BK 
082 0 4 |a 330.9/729/81 
999 f f |i 4bea84e5-5a0d-5280-aaa7-3b6ad47873f9  |s 59b152e3-e0e1-5e18-8441-af04a17544fd 
952 f f |p Can circulate  |a CAVAL  |b CAVAL  |c CAVAL  |d CARM 1 Store  |e B01627  |f A2:AF22C0  |h Other scheme  |i book  |m 0069775